000 00539nam a2200193 a 4500
001 8680
003 CO-ViMGA
008 141112s2004 ck r 000 u spa d
020 _a8489660360
040 _aCO-ViMGA
_bspa
_cCO-ViMGA
082 0 4 _a576 M13b8
100 1 _aMadigan, Michael
_98706
245 1 0 _aBiologia de los Microorganismos /
_cMadigan Michael
260 _aMadrid,
_cPrentice hall,
_c1997
300 _axviii, 986 50 p, il, cuadros, 28 cm
650 1 4 _aMicrobiologia
650 1 4 _aMicroorganismos
_93080
942 _2ddc
_cBK
999 _c20318
_d20318